000 00482nam a2200145Ia 4500
008 090123s9999 xx 000 0 und d
082 _b25656
245 _aट्रीपल टी-तौसी -2नी तुफान
250 _a0
260 _bतुलसी कॉमिक्स
300 _a77
630 _aट्रीपल टी-तौसी -2नी तुफान
730 _aट्रीपल टी-तौसी -2नी तुफान
942 _cBOOK
999 _c63727
_d63727